00802nam a22002177a 450000500170000000800410001702000180005804000270007604100080010304400070011108200180011810000270013624501820016326000450034530000650039065000350045565000200049065000200051066200270053070000270055720180803170216.0160129t2007 ck ao fr|||| 000 0 spa d a9789588343105 aCO-BoIAVH cCO-BoIAVH 0 aspa ack04a333.955bL72g1 aLievano León, Arturo10aGuía ilustrada de los macroinvertebrados acuáticos del río BahamóncUniversidad El Bosque, Institituto de Investigación de Recursos Biológicos Alexander von Humboldt aColombia:bUniversidad El Bosque,c2007. a130 páginas :bIlustraciones, Fotografías ;c23 x 16 cm. 4aMacroinvertebrados acuáticos 4aBioindicación 4aCalidad de agua aColombiacCundinamarca1 aOspina Torres, Rodulfo